[Event "Anogia op 7th"]
[Site "Anogia"]
[Date "2018.08.24"]
[Round "9"]
[White "Sucher, Johannes"]
[Black "Kalodoukas, Odysseas"]
[Result "1-0"]
[WhiteElo "2141"]
[BlackElo "2082"]
[PlyCount "95"]
[EventDate "2018.08.17"]
[EventType "swiss"]
[EventRounds "9"]
[EventCountry "GRE"]
[SourceTitle "CBM 186 Extra"]
[Source "ChessBase"]
[SourceDate "2018.08.24"]
[SourceVersion "1"]
[SourceVersionDate "2018.08.24"]
[SourceQuality "1"]

1. d4 d5 2. Nf3 Nf6 3. c4 e6 4. Nc3 Be7 5. Qc2 c5 6. dxc5 Nc6 7. Bg5 Qa5 8. 0-0-0 Qxc5 9. cxd5 Nb4 10. Qb3 Nbxd5 11. Qb5+ Bd7 12. Qxc5 Bxc5 13. Nxd5 Nxd5 14. e4 Nb6 15. Ne5 a6 16. Nxd7 Nxd7 17. f3 f6 18. Bd2 Rc8 19. Kb1 Ke7 20. f4 Bd6 21. g3 Rhd8 22. Bg2 e5 23. Rhf1 Nc5 24. Be3 Ne6 25. Bh3 Bc5 26. Bxe6 Rxd1+ 27. Rxd1 Kxe6 28. Rc1 Kd6 29. b4 Bxe3 30. Rxc8 exf4 31. gxf4 Bxf4 32. h3 Kd7 33. Rg8 Bh6 34. Rh8 Kd6 35. Kc2 Kc6 36. Rxh7 a5 37. bxa5 Kb5 38. Kb3 Kxa5 39. h4 Kb6 40. Kc4 Kc6 41. Kd4 Kd6 42. h5 b6 43. Rh8 Bf4 44. Rb8 Kc6 45. Rc8+ Kd6 46. Kc4 Kd7 47. Rg8 Bh6 48. Kb5 1-0

[Event "Anogia op 7th"]
[Site "Anogia"]
[Date "2018.08.22"]
[Round "7"]
[White "Kalodoukas, Odysseas"]
[Black "Lirindzakis, Timotheos"]
[Result "1-0"]
[WhiteElo "2082"]
[BlackElo "2156"]
[PlyCount "75"]
[EventDate "2018.08.17"]
[EventType "swiss"]
[EventRounds "9"]
[EventCountry "GRE"]
[SourceTitle "CBM 186 Extra"]
[Source "ChessBase"]
[SourceDate "2018.08.24"]
[SourceVersion "1"]
[SourceVersionDate "2018.08.24"]
[SourceQuality "1"]

1. d4 Nf6 2. c4 e6 3. Nc3 Bb4 4. e3 0-0 5. Nge2 d5 6. a3 Be7 7. cxd5 exd5 8. Nf4 Re8 9. Bd3 Bd6 10. 0-0 Bxf4 11. exf4 Nc6 12. Ne2 Ne4 13. Be3 Ne7 14. Ng3 Nxg3 15. hxg3 Nf5 16. Bxf5 Bxf5 17. g4 Bd7 18. f5 g6 19. fxg6 hxg6 20. g5 Re4 21. Qd2 Qe7 22. Bf4 c6 23. Rae1 Re8 24. Be5 Rg4 25. Bf4 Be6 26. f3 Rh4 27. Be5 Rh5 28. Bf6 Qd6 29. Re5 c5 30. Rfe1 Rc8 31. Qf4 cxd4 32. g4 Rh4 33. Qg3 Rh7 34. f4 Qb6 35. Qd3 Rh4 36. Rxe6 Rxg4+ 37. Kh2 Qxb2+ 38. R6e2 1-0

[Event "Anogia op 7th"]
[Site "Anogia"]
[Date "2018.08.18"]
[Round "2"]
[White "Markidis, Konstantinos"]
[Black "Kalodoukas, Odysseas"]
[Result "1-0"]
[WhiteElo "2335"]
[BlackElo "2082"]
[PlyCount "57"]
[EventDate "2018.08.17"]
[EventType "swiss"]
[EventRounds "9"]
[EventCountry "GRE"]
[SourceTitle "CBM 186 Extra"]
[Source "ChessBase"]
[SourceDate "2018.08.24"]
[SourceVersion "1"]
[SourceVersionDate "2018.08.24"]
[SourceQuality "1"]

1. e4 c6 2. d4 d5 3. e5 c5 4. dxc5 e6 5. a3 Nc6 6. Nf3 Bxc5 7. b4 Bb6 8. Bb2 Nge7 9. Bd3 Ng6 10. 0-0 f6 11. Bxg6+ hxg6 12. Qd3 Kf7 13. b5 Ne7 14. Nbd2 Nf5 15. a4 Bd7 16. c4 dxc4 17. Nxc4 Be8 18. Qe2 Rc8 19. exf6 gxf6 20. Nxb6 Qxb6 21. Ng5+ Kg7 22. Nxe6+ Kf7 23. Ng5+ Kg8 24. Ne4 Nd4 25. Qe3 Nf5 26. Qxb6 axb6 27. Nxf6+ Kf7 28. Rac1 Rxc1 29. Rxc1 1-0

[Event "Pardubice Czech op-A 28th"]
[Site "Pardubice"]
[Date "2017.07.25"]
[Round "5"]
[White "Nitish, Belurkar"]
[Black "Kalodoukas, Odysseas"]
[Result "1-0"]
[WhiteElo "2283"]
[BlackElo "2069"]
[PlyCount "47"]
[EventDate "2017.07.21"]
[EventType "swiss"]
[EventRounds "9"]
[EventCountry "CZE"]
[SourceTitle "CBM 179 Extra"]
[Source "ChessBase"]
[SourceDate "2017.08.23"]
[SourceVersion "1"]
[SourceVersionDate "2017.08.23"]
[SourceQuality "1"]

1. e4 c6 2. d4 d5 3. f3 Qb6 4. Nc3 e6 5. a3 Nf6 6. Be3 Nbd7 7. Nge2 dxe4 8. fxe4 e5 9. Qd2 Qc7 10. 0-0-0 Bd6 11. Ng3 0-0 12. d5 Bc5 13. Nf5 Bxe3 14. Qxe3 Nb6 15. d6 Qd8 16. Ne7+ Kh8 17. Qg5 Bg4 18. Rd2 Nbd7 19. Bc4 Be6 20. Bxe6 fxe6 21. Qh4 Qe8 22. Qh3 Nc5 23. Rf1 Qh5 24. Rxf6 1-0

[Event "Hasselbacken op"]
[Site "Stockholm"]
[Date "2016.05.03"]
[Round "4"]
[White "Kalodoukas, Odysseas"]
[Black "Lindberg, Bo"]
[Result "0-1"]
[WhiteElo "2042"]
[BlackElo "2397"]
[PlyCount "80"]
[EventDate "2016.04.30"]
[EventType "swiss"]
[EventRounds "9"]
[EventCountry "SWE"]
[SourceTitle "CBM 172 Extra"]
[Source "ChessBase"]
[SourceDate "2016.06.21"]
[SourceVersion "1"]
[SourceVersionDate "2016.06.21"]
[SourceQuality "1"]

1. Nf3 Nf6 2. d4 e6 3. c4 c5 4. Nc3 cxd4 5. Nxd4 Nc6 6. e3 a6 7. Be2 Qc7 8. 0-0 Be7 9. b3 0-0 10. Bb2 d6 11. Rc1 Ne5 12. Qd2 b6 13. f4 Ned7 14. Bf3 Bb7 15. e4 Rfe8 16. Kh1 Bf8 17. Nde2 Rad8 18. Rcd1 Qb8 19. Qe3 Qa8 20. Ba3 Qb8 21. Qc1 Nc5 22. Qc2 Rc8 23. Qb1 Bc6 24. b4 Na4 25. b5 Nxc3 26. Nxc3 Bb7 27. Qb3 a5 28. c5 bxc5 29. Qc4 Nd7 30. Na4 Qa7 31. Bb2 Nb6 32. Nxb6 Qxb6 33. a4 Rcd8 34. Rd2 Qa7 35. Rfd1 Qa8 36. h3 f5 37. exf5 Bxf3 38. gxf3 Qxf3+ 39. Kh2 d5 40. Qc3 Qxf4+ 0-1

[Event "Nikaia op 21st"]
[Site "Nikaia"]
[Date "2013.08.29"]
[Round "4"]
[White "Kalodoukas, Odysseas"]
[Black "Poulopoulos, Ioannis"]
[Result "0-1"]
[WhiteElo "1909"]
[BlackElo "2079"]
[PlyCount "60"]
[EventDate "2013.08.26"]
[EventType "swiss"]
[EventRounds "9"]
[EventCountry "GRE"]
[SourceTitle "CBM 156 Extra"]
[Source "ChessBase"]
[SourceDate "2013.10.22"]
[SourceVersion "1"]
[SourceVersionDate "2013.10.22"]
[SourceQuality "1"]

1. d4 d5 2. c4 c6 3. Nf3 Nf6 4. Nc3 e6 5. Bg5 h6 6. Bh4 dxc4 7. e4 g5 8. Bg3 b5 9. Be2 b4 10. Na4 Nxe4 11. Be5 Nf6 12. Qc2 Nbd7 13. Bxc4 Nxe5 14. dxe5 Nd5 15. h4 g4 16. Nd4 Bd7 17. Nb3 Rc8 18. Nac5 Qb6 19. Be2 h5 20. Rc1 Bh6 21. Rd1 g3 22. Bxh5 Bf4 23. Bxf7+ Kxf7 24. Nxd7 Qxf2+ 25. Qxf2 gxf2+ 26. Kxf2 Ke7 27. Ndc5 Rcf8 28. Nd3 Rhg8 29. Nxf4 Rxf4+ 30. Kg1 Ne3 0-1

[Event "GRE-ch U16"]
[Site "Patras"]
[Date "2013.07.13"]
[Round "8.8"]
[White "Samakas, Stavros"]
[Black "Kalodoukas, Odysseas"]
[Result "0-1"]
[WhiteElo "1564"]
[BlackElo "1906"]
[PlyCount "78"]
[EventDate "2013.07.08"]
[EventType "swiss"]
[EventRounds "9"]
[EventCountry "GRE"]
[SourceTitle "EXT 2024"]
[Source "ChessBase"]
[SourceDate "2023.10.10"]
[SourceVersion "1"]
[SourceVersionDate "2023.10.10"]
[SourceQuality "1"]

1. d4 d5 2. c4 e6 3. Nc3 Be7 4. Nf3 Nf6 5. Bg5 0-0 6. e3 h6 7. Bh4 b6 8. Bxf6 Bxf6 9. cxd5 exd5 10. Bd3 c5 11. 0-0 Bb7 12. Rc1 Nd7 13. Bb1 g6 14. Qd2 Rc8 15. Rfd1 a6 16. h3 Bg7 17. Bc2 Nf6 18. Ne5 c4 19. a4 Qe8 20. b4 Ne4 21. Bxe4 dxe4 22. Ng4 f5 23. Nh2 Qe7 24. Rb1 Qd6 25. Ne2 g5 26. g3 Kh8 27. Rdc1 Rc7 28. Nf1 Bd5 29. b5 a5 30. Rc3 Qg6 31. Kh2 Rd7 32. Rd1 Qh5 33. Rcc1 Be6 34. Ng1 f4 35. Kg2 f3+ 36. Kh2 Bxh3 37. Nxh3 g4 38. Kg1 Qxh3 39. Nh2 Qg2# 0-1

[Event "GRE-ch U16"]
[Site "Patras"]
[Date "2013.07.09"]
[Round "2.10"]
[White "Papakonstantinou, Dimitrios"]
[Black "Kalodoukas, Odysseas"]
[Result "0-1"]
[WhiteElo "1895"]
[BlackElo "1906"]
[PlyCount "116"]
[EventDate "2013.07.08"]
[EventType "swiss"]
[EventRounds "9"]
[EventCountry "GRE"]
[SourceTitle "EXT 2024"]
[Source "ChessBase"]
[SourceDate "2023.10.10"]
[SourceVersion "1"]
[SourceVersionDate "2023.10.10"]
[SourceQuality "1"]

1. d4 d5 2. c4 e6 3. Nc3 Be7 4. Nf3 Nf6 5. cxd5 exd5 6. Bg5 c6 7. Qc2 g6 8. e3 Bf5 9. Bd3 Bxd3 10. Qxd3 Nbd7 11. Bh6 Bf8 12. Bg5 Be7 13. Bh6 Bf8 14. Bf4 Be7 15. 0-0 0-0 16. Rab1 a5 17. Qc2 Nb6 18. h3 Re8 19. Nd2 Bd6 20. Bg5 Be7 21. a3 Ne4 22. Ncxe4 dxe4 23. Bxe7 Qxe7 24. Rfc1 Nd5 25. Qc5 f5 26. b4 axb4 27. axb4 f4 28. Qxe7 Rxe7 29. exf4 Ra2 30. Nc4 Nxf4 31. Re1 Ne2+ 32. Kf1 Nxd4 33. Nd6 Re6 34. Nxe4 b6 35. Nc3 Rxe1+ 36. Kxe1 Rc2 37. Na4 b5 38. Nc5 Kf7 39. Rd1 Rc4 40. Nd3 Ke6 41. Kd2 Kd6 42. Ke3 Nf5+ 43. Kd2 Ne7 44. Nb2 Rd4+ 45. Kc3 Rxd1 46. Nxd1 Nd5+ 47. Kb3 Ke5 48. Nb2 Ke4 49. Ka3 Kd4 50. Kb3 Nf4 51. Kc2 Nxg2 52. Nd3 g5 53. Nc5 Nf4 54. Kd2 h5 55. Nd7 Nxh3 56. Ke2 g4 57. Nf6 Nf4+ 58. Kd2 Kc4 0-1

[Event "Nikaia op-A 20th"]
[Site "Nikea"]
[Date "2012.08.26"]
[Round "1.10"]
[White "Kalodoukas, Odysseas"]
[Black "Himaras, Stefanos"]
[Result "0-1"]
[WhiteElo "1850"]
[BlackElo "2238"]
[PlyCount "44"]
[EventDate "2012.08.26"]
[EventType "swiss"]
[EventRounds "9"]
[EventCountry "GRE"]
[SourceTitle "EXT 2024"]
[Source "ChessBase"]
[SourceDate "2023.10.10"]
[SourceVersion "1"]
[SourceVersionDate "2023.10.10"]
[SourceQuality "1"]

1. d4 g6 2. c4 Bg7 3. Nc3 d6 4. e4 Nf6 5. Be2 0-0 6. f4 c5 7. Nf3 cxd4 8. Nxd4 Qb6 9. Nc2 Bd7 10. Ne3 Bc6 11. Ned5 Bxd5 12. Nxd5 Nxd5 13. exd5 Nd7 14. Qb3 Nc5 15. Qc2 Rfe8 16. Be3 e6 17. Bxc5 Qxc5 18. Rd1 Rac8 19. Qd2 exd5 20. Qxd5 Qb4+ 21. Kf2 Qb6+ 22. Kg3 Rxe2 0-1

[Event "Attica-ch U16"]
[Site "Peristeri"]
[Date "2012.04.20"]
[Round "5"]
[White "Kalodoukas, Odysseas"]
[Black "Sidiropoulos, Nikolaos"]
[Result "1/2-1/2"]
[WhiteElo "1776"]
[BlackElo "1920"]
[PlyCount "73"]
[EventDate "2012.04.17"]
[EventType "swiss"]
[EventRounds "7"]
[EventCountry "GRE"]
[SourceTitle "EXT 2024"]
[Source "ChessBase"]
[SourceDate "2023.10.10"]
[SourceVersion "1"]
[SourceVersionDate "2023.10.10"]
[SourceQuality "1"]

1. e4 g6 2. d4 Bg7 3. c4 c5 4. Nf3 cxd4 5. Nxd4 Nc6 6. Be3 d6 7. Nc3 Nf6 8. Be2 0-0 9. f4 Bd7 10. 0-0 a6 11. Bf3 Rc8 12. b3 Ng4 13. Bxg4 Bxg4 14. Qd2 Bd7 15. Rae1 e6 16. Nxc6 Bxc6 17. Bd4 Bxd4+ 18. Qxd4 Qa5 19. Re3 Qc5 20. Qd2 f5 21. Kh1 e5 22. Qe2 exf4 23. Rxf4 Qe5 24. Rf1 Rce8 25. Re1 fxe4 26. Kg1 Rf4 27. g3 Rf3 28. Rxf3 exf3 29. Qxe5 Rxe5 30. Rd1 Kf7 31. Rxd6 Re1+ 32. Kf2 Rh1 33. Nd5 Rxh2+ 34. Kxf3 Bxd5+ 35. cxd5 Rxa2 36. Rb6 Ra5 37. Ke4 1/2-1/2

[Event "Attica-ch U16"]
[Site "Peristeri"]
[Date "2012.04.19"]
[Round "4"]
[White "Koutoukidis, Panagiotis"]
[Black "Kalodoukas, Odysseas"]
[Result "1/2-1/2"]
[WhiteElo "2154"]
[BlackElo "1776"]
[PlyCount "68"]
[EventDate "2012.04.17"]
[EventType "swiss"]
[EventRounds "7"]
[EventCountry "GRE"]
[SourceTitle "EXT 2024"]
[Source "ChessBase"]
[SourceDate "2023.10.10"]
[SourceVersion "1"]
[SourceVersionDate "2023.10.10"]
[SourceQuality "1"]

1. e4 c5 2. Nf3 e6 3. d4 cxd4 4. Nxd4 Nf6 5. Nc3 Qb6 6. Nb3 Bb4 7. Bd3 Bxc3+ 8. bxc3 d6 9. 0-0 0-0 10. Kh1 Nbd7 11. f4 e5 12. g4 Qc6 13. Qe2 Nc5 14. Nxc5 Bxg4 15. Qg2 Qxc5 16. f5 d5 17. Bg5 dxe4 18. Bxf6 exd3 19. Bxg7 Kxg7 20. Qxg4+ Kh8 21. cxd3 Rg8 22. Qe4 Qc6 23. Qxc6 bxc6 24. Rae1 f6 25. Re4 Rad8 26. d4 exd4 27. cxd4 Rge8 28. Rxe8+ Rxe8 29. Rc1 Re4 30. Rxc6 Rxd4 31. Rxf6 Ra4 32. Kg2 Rxa2+ 33. Kg3 Kg7 34. Rc6 Ra4 1/2-1/2